Understanding open source & free software licensing (Record no. 5753)
[ view plain ]
| 000 -LEADER | |
|---|---|
| fixed length control field | 00849 a2200265 4500 |
| 020 ## - INTERNATIONAL STANDARD BOOK NUMBER | |
| International Standard Book Number | 0-596-00581-4 (pbk.) : |
| 035 ## - SYSTEM CONTROL NUMBER | |
| System control number | (Uk)012941829 |
| 040 ## - CATALOGING SOURCE | |
| Original cataloging agency | DLC |
| Language of cataloging | DLC |
| 082 04 - DEWEY DECIMAL CLASSIFICATION NUMBER | |
| Classification number | 346'.0482 |
| 100 1# - MAIN ENTRY--PERSONAL NAME | |
| Personal name | St. Laurent, Andrew M. |
| 245 10 - TITLE STATEMENT | |
| Title | Understanding open source & free software licensing |
| Statement of responsibility, etc. | Andrew M. St. Laurent |
| 246 12 - VARYING FORM OF TITLE | |
| Title proper/short title | Understanding open source and free software licensing |
| 260 ## - PUBLICATION, DISTRIBUTION, ETC. | |
| Place of publication, distribution, etc. | Sebastopol, Calif. : |
| Name of publisher, distributor, etc. | O'Reilly, |
| Date of publication, distribution, etc. | 2004 |
| 300 ## - PHYSICAL DESCRIPTION | |
| Extent | 193 s. ; |
| Dimensions | 23 cm. |
| 650 #0 - SUBJECT ADDED ENTRY--TOPICAL TERM | |
| Topical term or geographic name entry element | Copyright |
| General subdivision | Computer programs |
| 650 #0 - SUBJECT ADDED ENTRY--TOPICAL TERM | |
| Topical term or geographic name entry element | Open source software |
| General subdivision | Law and legislation |
| 650 #0 - SUBJECT ADDED ENTRY--TOPICAL TERM | |
| Topical term or geographic name entry element | Free computer software |
| 650 #0 - SUBJECT ADDED ENTRY--TOPICAL TERM | |
| Topical term or geographic name entry element | Computer software industry |
| General subdivision | Licenses |
| 650 #0 - SUBJECT ADDED ENTRY--TOPICAL TERM | |
| Topical term or geographic name entry element | Intellectual property |
| 650 #0 - SUBJECT ADDED ENTRY--TOPICAL TERM | |
| Topical term or geographic name entry element | Licenses |
| 650 #0 - SUBJECT ADDED ENTRY--TOPICAL TERM | |
| Topical term or geographic name entry element | License agreements |
| 650 #0 - SUBJECT ADDED ENTRY--TOPICAL TERM | |
| Topical term or geographic name entry element | Computer software |
| 650 #0 - SUBJECT ADDED ENTRY--TOPICAL TERM | |
| Topical term or geographic name entry element | Copyright |
| 942 ## - ADDED ENTRY ELEMENTS (KOHA) | |
| Koha item type | Book |
| Call number prefix | 005.1 STL |
| Source of classification or shelving scheme | |
| Withdrawn status | Lost status | Damaged status | Not for loan | Collection code | Permanent Location | Current Location | Shelving location | Date acquired | Source of acquisition | Cost, normal purchase price | Total Checkouts | Full call number | Barcode | Date last seen | Price effective from | Koha item type |
|---|---|---|---|---|---|---|---|---|---|---|---|---|---|---|---|---|
| Central Library (CL) | Central Library (CL) | First Floor - Software Engineering/ Programming Language | 02/14/2007 | Progressive International Agencies | 1618.11 | 005.1 STL | SEECS008139 | 11/14/2012 | 01/05/2017 | Book |
